Nature Conservancy Council for England v Deller (Record no. 38311)
[ view plain ]
| 000 -LEADER | |
|---|---|
| fixed length control field | 01662cab a2200253 4500 |
| 001 - CONTROL NUMBER | |
| control field | ABS47376 |
| 008 - FIXED-LENGTH DATA ELEMENTS--GENERAL INFORMATION | |
| fixed length control field | 090401t1992 xxu||||| |||| 00| 0 eng d |
| 035 ## - SYSTEM CONTROL NUMBER | |
| System control number | (Sirsi) u61774 |
| 041 ## - LANGUAGE CODE | |
| Language code of text/sound track or separate title | eng |
| 245 ## - TITLE STATEMENT | |
| Title | Nature Conservancy Council for England v Deller |
| 260 ## - PUBLICATION, DISTRIBUTION, ETC. | |
| Date of publication, distribution, etc. | 1992 |
| 350 ## - PRICE (NR) (BK AM CF MU VM SE) [OBSOLETE] | |
| Price | 0 |
| 490 ## - SERIES STATEMENT | |
| Series statement | Estates Gazette |
| Volume/sequential designation | 1992 43 EG 137-145(5) |
| 520 ## - SUMMARY, ETC. | |
| Summary, etc. | ChD 9 June 1992. Application for leave to appeal under Arbitration Act 1979 s1(3)(b) against an award of an arbitrator made under a management agreement under the Countryside Act 1968 and the Wildlife and Countryside Act 1981; and an application under Ord 3 r5 of the Rules of the Supreme Court for leave to appeal against the award out of the time. The site in question concerned part of Graveney Hill Farm including West Graveney Beach designated an area of special scientific interest under the Countryside Act 1968 and the Wildlife and Countryside Act 1981. In 1986, a management agreement was entered into under s15 of the 1968 Act for 21 years from 24 January 1984. In 1988 the defendant D purchased West Graveney Beach and became entitled under the agreement to an annual payment as part of the management agreement. On 7 December 1988, D gave notice under the agreement to have the payment adjusted for 1989 and in 1991 applied for the appointment of an arbitrator. In August 1991, D gave s |
| 650 ## - SUBJECT ADDED ENTRY--TOPICAL TERM | |
| Topical term or geographic name entry element | ARBITRATION ACT 1979 |
| 650 ## - SUBJECT ADDED ENTRY--TOPICAL TERM | |
| Topical term or geographic name entry element | COMPENSATION |
| 650 ## - SUBJECT ADDED ENTRY--TOPICAL TERM | |
| Topical term or geographic name entry element | COUNTRYSIDE ACT 1968 |
| 650 ## - SUBJECT ADDED ENTRY--TOPICAL TERM | |
| Topical term or geographic name entry element | MANAGEMENT AGREEMENTS |
| 650 ## - SUBJECT ADDED ENTRY--TOPICAL TERM | |
| Topical term or geographic name entry element | TIME OF THE ESSENCE |
| 650 ## - SUBJECT ADDED ENTRY--TOPICAL TERM | |
| Topical term or geographic name entry element | WILDLIFE AND COUNTRYSIDE ACT 1981 |
| 690 ## - LOCAL SUBJECT ADDED ENTRY--TOPICAL TERM (OCLC, RLIN) | |
| Topical term or geographic name as entry element | ARBITRATION-CASE LAW |
| 942 ## - ADDED ENTRY ELEMENTS (KOHA) | |
| Suppress in OPAC | 0 |
| 948 ## - LOCAL PROCESSING INFORMATION (OCLC); SERIES PART DESIGNATOR (RLIN) | |
| c (OCLC) | 04/03/1997 |
| Withdrawn status | Lost status | Source of classification or shelving scheme | Damaged status | Not for loan | Home library | Current library | Shelving location | Date acquired | Total Checkouts | Full call number | Barcode | Date last seen | Copy number | Price effective from | Koha item type |
|---|---|---|---|---|---|---|---|---|---|---|---|---|---|---|---|
| Dewey Decimal Classification | London | London | Journal article | 14/09/1999 | ABS47376 | 61774-1001 | 06/08/2019 | 1 | 06/08/2019 | Law report |